Affordable for who? (Record no. 117329)
[ view plain ]
| 000 -LEADER | |
|---|---|
| fixed length control field | 01339cam a2200265 4500 |
| 001 - CONTROL NUMBER | |
| control field | ABS67738 |
| 008 - FIXED-LENGTH DATA ELEMENTS--GENERAL INFORMATION | |
| fixed length control field | 040507n2004 000 0 eng u |
| 035 ## - SYSTEM CONTROL NUMBER | |
| System control number | (Sirsi) u126148 |
| 100 ## - MAIN ENTRY--PERSONAL NAME | |
| Personal name | Birch, J. |
| 245 ## - TITLE STATEMENT | |
| Title | Affordable for who? |
| 260 ## - PUBLICATION, DISTRIBUTION, ETC. | |
| Date of publication, distribution, etc. | 2004 |
| 490 ## - SERIES STATEMENT | |
| Series statement | Roof |
| Volume/sequential designation | 29(3) May/June 2004, 18-19(2) |
| 520 ## - SUMMARY, ETC. | |
| Summary, etc. | Assesses the notion of affordability targets in the context of the proposal in the Barker review "Delivering stability : securing our future housing needs - final report" (ISBN 1845320107). Barker proposes replacing the demographic projections that currently dictate the allocation of land with specific market affordability targets set by newly merged regional planning and housing bodies. Land for housing would be released once the affordability trigger points are reached. The complexities of producing a precise affordability measure are revealed in the new Roof Housing Affordability Index (see X126174). Previous governments have fought shy of adopting an explicit affordability formula. |
| 590 ## - LOCAL NOTE (RLIN) | |
| Local note | ABS |
| 590 ## - LOCAL NOTE (RLIN) | |
| Local note | ABS |
| 650 ## - SUBJECT ADDED ENTRY--TOPICAL TERM | |
| Topical term or geographic name entry element | HOUSING SUPPLY |
| 650 ## - SUBJECT ADDED ENTRY--TOPICAL TERM | |
| Topical term or geographic name entry element | ROOF AFFORDABILITY INDEX |
| 650 ## - SUBJECT ADDED ENTRY--TOPICAL TERM | |
| Topical term or geographic name entry element | LAND SUPPLY |
| 650 ## - SUBJECT ADDED ENTRY--TOPICAL TERM | |
| Topical term or geographic name entry element | REGIONAL PLANNING BODIES |
| 650 ## - SUBJECT ADDED ENTRY--TOPICAL TERM | |
| Topical term or geographic name entry element | REGIONAL HOUSING BOARDS |
| 650 ## - SUBJECT ADDED ENTRY--TOPICAL TERM | |
| Topical term or geographic name entry element | AFFORDABILITY |
| 650 ## - SUBJECT ADDED ENTRY--TOPICAL TERM | |
| Topical term or geographic name entry element | BARKER REVIEW |
| 690 ## - LOCAL SUBJECT ADDED ENTRY--TOPICAL TERM (OCLC, RLIN) | |
| Topical term or geographic name as entry element | HOUSING-MARKET |
| 942 ## - ADDED ENTRY ELEMENTS (KOHA) | |
| Suppress in OPAC | 0 |
| Withdrawn status | Lost status | Source of classification or shelving scheme | Damaged status | Not for loan | Home library | Current library | Shelving location | Date acquired | Total Checkouts | Full call number | Barcode | Date last seen | Copy number | Price effective from | Koha item type |
|---|---|---|---|---|---|---|---|---|---|---|---|---|---|---|---|
| Dewey Decimal Classification | London | London | Journal article | 07/05/2004 | ABS67738 | 126148-1001 | 06/08/2019 | 1 | 06/08/2019 | Journal article |